Statistics for Sevilla FC Squad 2017-2018

Click here to take the quiz!

General Stats

  • This quiz has been taken 7 times
  • The average score is 16 of 32

Answer Stats

#PositionNationPlayer% Correct
5DFFranceClément Lenglet
80%
6DFPortugalDaniel Carriço
80%
10MFArgentinaÉver Banega
80%
11FWArgentinaJoaquín Correa
80%
1GKSpainSergio Rico
80%
4DFDenmarkSimon Kjær
80%
9FWFranceWissam Ben Yedder
80%
25DFArgentinaGabriel Mercado
60%
8DFBrazilGuilherme Arana
60%
21DFArgentinaNicolás Pareja
60%
18DFSpainSergio Escudero
60%
15MFFranceSteven N'Zonzi
60%
13GKSpainDavid Soria
40%
-CoachArgentinaEduardo Berizzo
40%
22MFArgentinaFranco Vázquez
40%
19MFBrazilGanso
40%
14MFArgentinaGuido Pizarro
40%
16FWSpainJesús Navas
40%
-CoachSpainJoaquín Caparrós
40%
12MFGermanyJohannes Geis
40%
3DFFranceLionel Carole
40%
20FWColombiaLuis Muriel
40%
7MFDenmarkMichael Krohn-Dehli
40%
3DFMexicoMiguel Layún
40%
24FWSpainNolito
40%
7MFSpainRoque Mesa
40%
-CoachItalyVincenzo Montella
40%
8FWArgentinaWalter Montoya
40%
23FWSpainBorja Lasso
20%
17FWSpainPablo Sarabia
20%
23FWSpainSandro Ramírez
20%
2DFFranceSébastien Corchia
20%

Score Distribution

Percentile by Number Answered

Percent of People with Each Score

Your Score History

You have not taken this quiz